00406nam a2200181Ia 4500003000400000005001700004006001900021007000300040008004100043024001000084037001200094040002000106041001300126082002100139100002800160245002700188260000900215OSt20220928143411.0a|||||r|||| 00| 0 ta220927b |||||||| |||| 00| 0 eng d a22006 cTextual aSDCLcSDCLbeng 2engaeng aO15,1B2, M8.1-.2 aGoyandanka Jaydayal Ed. 0aSankshipt Mahabharata. c1988